[Event "SLO-ch U14"]
[Site "Rogaska Slatina"]
[Date "2010.02.22"]
[Round "3"]
[White "Gnidovec, Tilen"]
[Black "Bombek, Miha"]
[Result "0-1"]
[WhiteElo "1546"]
[BlackElo "1618"]
[PlyCount "88"]
[EventDate "2010.02.21"]
[EventType "swiss"]
[EventRounds "9"]
[EventCountry "SLO"]
[SourceTitle "EXT 2015"]
[Source "ChessBase"]
[SourceDate "2014.11.20"]
[SourceVersion "1"]
[SourceVersionDate "2014.11.20"]
[SourceQuality "1"]

1. e4 c6 2. c3 d5 3. exd5 cxd5 4. Nf3 Nf6 5. Bb5+ Bd7 6. Qb3 Bxb5 7. Qxb5+ Qd7 8. Na3 a6 9. Qxd7+ Nbxd7 10. 0-0 e5 11. Nc2 Bd6 12. Re1 0-0 13. d3 h6 14. Be3 Rfe8 15. Rad1 Rac8 16. Rd2 b5 17. Nh4 b4 18. Nxb4 Bxb4 19. cxb4 d4 20. Bxh6 gxh6 21. Nf5 Rb8 22. Nxh6+ Kf8 23. a3 Rb5 24. Rc1 Reb8 25. f3 a5 26. bxa5 Rxa5 27. Rdc2 Kg7 28. Nf5+ Kh7 29. Ne7 Rab5 30. b4 Ra8 31. Ra1 Rxb4 32. axb4 Rxa1+ 33. Kf2 Rb1 34. Nc6 Nd5 35. Ke2 Nf4+ 36. Kd2 Nxg2 37. Ra2 Ne3 38. Ra7 Rb2+ 39. Kc1 Rc2+ 40. Kb1 Rxc6 41. Rxd7 Kg6 42. Rb7 Nd5 43. Kb2 Rb6 44. Rxb6+ Nxb6 0-1

[Event "SLO-ch U14"]
[Site "Rogaska Slatina"]
[Date "2009.02.27"]
[Round "9"]
[White "Gnidovec, Tilen"]
[Black "Kunej, Timon"]
[Result "0-1"]
[WhiteElo "1594"]
[BlackElo "1626"]
[PlyCount "78"]
[EventDate "2009.02.22"]
[EventType "swiss"]
[EventRounds "9"]
[EventCountry "SLO"]
[SourceTitle "CBM 129 Extra"]
[Source "ChessBase"]
[SourceDate "2009.05.05"]
[SourceVersion "2"]
[SourceVersionDate "2009.05.20"]
[SourceQuality "1"]

1. e4 c5 2. Na3 d5 3. Bb5+ Nc6 4. exd5 Qxd5 5. Nf3 a6 6. Bc4 Qd7 7. d3 Nf6 8. 0-0 e6 9. Re1 b5 10. Bb3 Bb7 11. Bf4 Be7 12. Ng5 Nd5 13. Qf3 0-0 14. c4 Nd4 15. Qh3 Nf6 16. Be5 h6 17. Bxd4 Qxd4 18. Nxe6 fxe6 19. Qxe6+ Rf7 20. cxb5 Bd5 21. Bxd5 Qxd5 22. bxa6 Qxd3 23. Nc4 Qd5 24. Qxd5 Nxd5 25. Rad1 Rd8 26. a7 Nc7 27. Rxd8+ Bxd8 28. Nb6 Bf6 29. Re8+ Rf8 30. Rxf8+ Kxf8 31. Nd7+ Ke7 32. Nb6 Kd6 33. a4 Kc6 34. a5 Bxb2 35. a8Q+ Nxa8 36. Nxa8 c4 37. Nb6 c3 38. Nc4 c2 39. Ne5+ Bxe5 0-1

[Event "SLO-ch U14"]
[Site "Rogaska Slatina"]
[Date "2009.02.23"]
[Round "3"]
[White "Matijevic, Filip"]
[Black "Gnidovec, Tilen"]
[Result "1-0"]
[WhiteElo "1516"]
[BlackElo "1594"]
[PlyCount "89"]
[EventDate "2009.02.22"]
[EventType "swiss"]
[EventRounds "9"]
[EventCountry "SLO"]
[SourceTitle "CBM 129 Extra"]
[Source "ChessBase"]
[SourceDate "2009.05.05"]
[SourceVersion "2"]
[SourceVersionDate "2009.05.20"]
[SourceQuality "1"]

1. e4 c5 2. Nf3 e6 3. d4 cxd4 4. Nxd4 a6 5. Nc3 b5 6. Bd3 Qb6 7. Be3 Bc5 8. Be2 Nc6 9. Nxc6 Bxe3 10. fxe3 dxc6 11. Qd6 Bd7 12. Qd4 Qxd4 13. exd4 Nf6 14. 0-0-0 0-0 15. e5 Nd5 16. Ne4 a5 17. Nc5 Rfd8 18. g3 Nb4 19. a3 Na6 20. Nb7 Rdb8 21. Nd6 Nc7 22. Rhf1 Be8 23. Rd3 Ra7 24. Rdf3 Nd5 25. Ne4 a4 26. Nc5 Nc7 27. h4 h5 28. g4 hxg4 29. Rg3 Nd5 30. Rfg1 g6 31. Bxg4 Kh7 32. h5 Nf4 33. Nd3 Nxd3+ 34. cxd3 Re7 35. hxg6+ fxg6 36. Rh1+ Kg8 37. Rgh3 Rg7 38. Rh8+ Kf7 39. R1h7 Rxh7 40. Rxh7+ Kf8 41. Bxe6 Rd8 42. Rh4 Ke7 43. Ba2 Bf7 44. Rh7 Rf8 45. e6 1-0

[Event "SLO-ch U14"]
[Site "Rogaska Slatina"]
[Date "2009.02.22"]
[Round "1"]
[White "Pregelj, Maj"]
[Black "Gnidovec, Tilen"]
[Result "0-1"]
[WhiteElo "1500"]
[BlackElo "1594"]
[PlyCount "52"]
[EventDate "2009.02.22"]
[EventType "swiss"]
[EventRounds "9"]
[EventCountry "SLO"]
[SourceTitle "CBM 129 Extra"]
[Source "ChessBase"]
[SourceDate "2009.05.05"]
[SourceVersion "2"]
[SourceVersionDate "2009.05.20"]
[SourceQuality "1"]

1. d4 e6 2. c4 b6 3. Nc3 Bb7 4. e4 Bb4 5. Qc2 Bxc3+ 6. bxc3 d6 7. Bd3 f5 8. Nf3 Nf6 9. Bg5 fxe4 10. Bxf6 exd3 11. Bxd8 dxc2 12. Bxc7 Kd7 13. Bxb8 Raxb8 14. Ke2 Rhf8 15. Ne1 Rbc8 16. f3 Rxc4 17. Kd3 Rfc8 18. Rc1 Rxc3+ 19. Kd2 Ra3 20. Ra1 Rxa2 21. Rc1 Bd5 22. Rxc2 Rcxc2+ 23. Nxc2 Bb3 24. Rc1 Bxc2 25. Rxc2 Rxc2+ 26. Kxc2 Kc6 0-1

[Event "SLO-ch U12"]
[Site "Postojna"]
[Date "2008.03.01"]
[Round "9"]
[White "Gnidovec, Tilen"]
[Black "Petrovcic, Peter"]
[Result "1-0"]
[WhiteElo "1500"]
[BlackElo "1500"]
[PlyCount "79"]
[EventDate "2008.02.24"]
[EventType "swiss"]
[EventRounds "9"]
[EventCountry "SLO"]
[SourceTitle "EXT 2010"]
[Source "ChessBase"]
[SourceDate "2010.11.25"]
[SourceVersion "1"]
[SourceVersionDate "2010.11.25"]
[SourceQuality "1"]

1. e4 e5 2. Nf3 Nc6 3. c3 Nf6 4. d4 exd4 5. e5 Nd5 6. cxd4 d6 7. Bb5 Bd7 8. Qb3 Nce7 9. Bxd7+ Qxd7 10. Qxb7 Nb6 11. Qe4 d5 12. Qd3 Nf5 13. 0-0 Be7 14. Bg5 0-0 15. Bxe7 Nxe7 16. Nc3 Nc4 17. b3 Nb6 18. Rfe1 Ng6 19. Ng5 Qg4 20. Qe3 Nf4 21. g3 Ne6 22. Nxe6 fxe6 23. f4 c6 24. Rf1 Nd7 25. Rf3 c5 26. Raf1 Rac8 27. a4 Qf5 28. Nb5 cxd4 29. Qxd4 Rc2 30. Qxa7 Nc5 31. Nd4 Qe4 32. Nxc2 Qxc2 33. Qb6 Rc8 34. b4 Nxa4 35. Qxe6+ Kh8 36. Qxd5 Nc3 37. Qb7 Ne2+ 38. Kh1 Nd4 39. R3f2 Qd3 40. Qxc8# 1-0

[Event "SLO-ch U12"]
[Site "Postojna"]
[Date "2008.02.29"]
[Round "8"]
[White "Laposi, Andrej"]
[Black "Gnidovec, Tilen"]
[Result "1/2-1/2"]
[WhiteElo "1554"]
[BlackElo "1500"]
[PlyCount "109"]
[EventDate "2008.02.24"]
[EventType "swiss"]
[EventRounds "9"]
[EventCountry "SLO"]
[SourceTitle "EXT 2010"]
[Source "ChessBase"]
[SourceDate "2010.11.25"]
[SourceVersion "1"]
[SourceVersionDate "2010.11.25"]
[SourceQuality "1"]

1. e4 c5 2. Nf3 e6 3. d4 cxd4 4. Nxd4 a6 5. Nc3 b5 6. a3 Qb6 7. Be3 Nc6 8. Nxe6 Qb8 9. Nxf8 Kxf8 10. Nd5 Qd6 11. Nb6 Qxd1+ 12. Rxd1 Rb8 13. Nxc8 Rxc8 14. Rxd7 Nf6 15. Rd1 Nxe4 16. Bd3 Nf6 17. 0-0 Ne5 18. Bf5 Rc6 19. Rd8+ Ne8 20. Rfd1 g6 21. Be4 Rc4 22. Bh6+ Ke7 23. Bd5 Rxc2 24. Ra8 Rg8 25. Ra7+ Rc7 26. Bg5+ Kf8 27. Bh6+ Ke7 28. Bg5+ Kf8 29. Rxc7 Nxc7 30. Bf6 Nd7 31. Bc3 Nxd5 32. Rxd5 Ke7 33. Bb4+ Kd8 34. Rd6 Kc7 35. Rxa6 Rc8 36. Rd6 Kd8 37. Rd1 Kc7 38. Rc1+ Kb7 39. Re1 Kc6 40. Re7 Kb6 41. g3 Nb8 42. Rxf7 h5 43. Bc3 Rc6 44. Bd4+ Ka5 45. Bc3+ Ka4 46. Rf4+ Rc4 47. Rxc4+ bxc4 48. Kg2 Kb3 49. Kf3 Na6 50. Ke3 Nc5 51. h3 Na4 52. Kd4 Nb6 53. g4 hxg4 54. hxg4 g5 55. Ke4 1/2-1/2

[Event "SLO-ch U12"]
[Site "Postojna"]
[Date "2008.02.28"]
[Round "7"]
[White "Gnidovec, Tilen"]
[Black "Skvarca, Anze"]
[Result "1-0"]
[WhiteElo "1500"]
[BlackElo "1500"]
[PlyCount "66"]
[EventDate "2008.02.24"]
[EventType "swiss"]
[EventRounds "9"]
[EventCountry "SLO"]
[SourceTitle "EXT 2010"]
[Source "ChessBase"]
[SourceDate "2010.11.25"]
[SourceVersion "1"]
[SourceVersionDate "2010.11.25"]
[SourceQuality "1"]

1. e4 e5 2. Nf3 Nc6 3. c3 d5 4. Qa4 Nf6 5. Bb5 Bd7 6. exd5 Nxd5 7. Qb3 Bg4 8. Nxe5 Qd6 9. Nxg4 Qe7+ 10. Ne3 Nxe3 11. dxe3 Qe4 12. 0-0 Bd6 13. Nd2 Qh4 14. Nf3 Qh5 15. Bxc6+ bxc6 16. Qb7 0-0 17. Qxc6 Rae8 18. b4 Re6 19. Qa4 g5 20. Qb5 Rf6 21. Qxg5+ Qxg5 22. Nxg5 Kh8 23. c4 Rg6 24. Ne4 Be5 25. Rb1 Rfg8 26. g3 h5 27. f4 Bd6 28. Bb2+ Kh7 29. Nf6+ Rxf6 30. Bxf6 Rg6 31. Bd4 h4 32. Kg2 hxg3 33. hxg3 Rxg3+ 1-0

[Event "SLO-ch U12"]
[Site "Murska Sobota"]
[Date "2007.03.02"]
[Round "9"]
[White "Sedonja, Dominik"]
[Black "Gnidovec, Tilen"]
[Result "1/2-1/2"]
[WhiteElo "1500"]
[BlackElo "1515"]
[PlyCount "62"]
[EventDate "2007.02.25"]
[EventType "swiss"]
[EventRounds "9"]
[EventCountry "SLO"]
[SourceTitle "CBM 117 Extra"]
[Source "ChessBase"]
[SourceDate "2007.05.09"]
[SourceVersion "1"]
[SourceVersionDate "2007.05.09"]
[SourceQuality "1"]

1. e4 c5 2. Nf3 e6 3. d4 cxd4 4. Nxd4 a6 5. Bd3 b5 6. 0-0 Bb7 7. Re1 h6 8. Be3 Nf6 9. Nd2 d6 10. Qf3 Nc6 11. Nxc6 Bxc6 12. h3 Rc8 13. c3 d5 14. Rad1 Qc7 15. Bf4 Qb7 16. Qe2 Be7 17. a4 0-0 18. axb5 axb5 19. e5 Ne8 20. Ra1 d4 21. cxd4 Bxg2 22. Kh2 Bc6 23. Nb3 Bf3 24. Qe3 Bh4 25. Rg1 g6 26. Bxh6 Ng7 27. Bxb5 Qe4 28. Ba6 Rc2 29. Rg3 Bh5 30. Rb1 f6 31. Na1 Rd2 1/2-1/2

[Event "SLO-ch U12"]
[Site "Murska Sobota"]
[Date "2007.03.01"]
[Round "8"]
[White "Gnidovec, Tilen"]
[Black "Debeljak, Vid"]
[Result "1-0"]
[WhiteElo "1515"]
[BlackElo "1500"]
[PlyCount "32"]
[EventDate "2007.02.25"]
[EventType "swiss"]
[EventRounds "9"]
[EventCountry "SLO"]
[SourceTitle "CBM 117 Extra"]
[Source "ChessBase"]
[SourceDate "2007.05.09"]
[SourceVersion "1"]
[SourceVersionDate "2007.05.09"]
[SourceQuality "1"]

1. e4 e5 2. Nf3 Nc6 3. c3 Nf6 4. d4 exd4 5. e5 Qe7 6. cxd4 d6 7. Bb5 Bd7 8. Qe2 Nd5 9. Nc3 Nxc3 10. bxc3 Bg4 11. Bxc6+ bxc6 12. h3 Bxf3 13. Qxf3 dxe5 14. Qxc6+ Qd7 15. Qxa8+ Qd8 16. Qxd8+ Kxd8 1-0

[Event "SLO-ch U12"]
[Site "Murska Sobota"]
[Date "2007.02.28"]
[Round "6"]
[White "Gnidovec, Tilen"]
[Black "Hozjan, Andrej"]
[Result "0-1"]
[WhiteElo "1515"]
[BlackElo "1500"]
[PlyCount "148"]
[EventDate "2007.02.25"]
[EventType "swiss"]
[EventRounds "9"]
[EventCountry "SLO"]
[SourceTitle "CBM 117 Extra"]
[Source "ChessBase"]
[SourceDate "2007.05.09"]
[SourceVersion "1"]
[SourceVersionDate "2007.05.09"]
[SourceQuality "1"]

1. e4 d5 2. exd5 Qxd5 3. Nc3 Qd8 4. d4 e6 5. Nf3 Nf6 6. Bd3 Bd6 7. 0-0 0-0 8. Ne5 Nbd7 9. Re1 Re8 10. Bg5 a6 11. Qf3 Be7 12. Ne4 Nxe5 13. dxe5 Nxe4 14. Bxe7 Qxe7 15. Qxe4 g6 16. Re3 Rb8 17. Qf4 h5 18. Rg3 Kg7 19. Be2 Rh8 20. Rh3 Bd7 21. Qg3 Kf8 22. Qf4 Kg7 23. g4 hxg4 24. Bxg4 Rxh3 25. Bxh3 Bc6 26. Bg2 Bxg2 27. Kxg2 Rh8 28. Kh1 Rh5 29. Qe4 Qc5 30. f4 Qf2 31. Qg2 Qxf4 32. Re1 c6 33. Qe2 Rf5 34. c3 Qf3+ 35. Qxf3 Rxf3 36. Kg2 Rd3 37. Re2 Kh6 38. Kf2 g5 39. Kg2 Kg6 40. a3 Kf5 41. a4 Rd5 42. Rf2+ Kxe5 43. Rxf7 Rd2+ 44. Rf2 Rxf2+ 45. Kxf2 a5 46. Ke3 b5 47. b3 bxa4 48. bxa4 c5 49. h3 Kd5 50. Kd3 c4+ 51. Ke3 Ke5 52. Kf3 Kf5 53. Ke3 e5 54. Kf3 e4+ 55. Ke3 Ke5 56. Ke2 Kf4 57. Kf2 g4 58. hxg4 Kxg4 59. Ke3 Kf5 60. Kd4 Kf4 61. Kxc4 e3 62. Kd3 Kf3 63. Kc4 e2 64. Kb5 e1Q 65. Kxa5 Qxc3+ 66. Kb5 Ke4 67. a5 Qc7 68. a6 Kd5 69. a7 Qxa7 70. Kb4 Kd4 71. Kb3 Qc5 72. Kb2 Kd3 73. Ka1 Kc2 74. Ka2 Qa5# 0-1

[Event "SLO-ch U12"]
[Site "Murska Sobota"]
[Date "2007.02.26"]
[Round "3"]
[White "Pungarcic, Tine"]
[Black "Gnidovec, Tilen"]
[Result "0-1"]
[WhiteElo "1500"]
[BlackElo "1515"]
[PlyCount "40"]
[EventDate "2007.02.25"]
[EventType "swiss"]
[EventRounds "9"]
[EventCountry "SLO"]
[SourceTitle "CBM 117 Extra"]
[Source "ChessBase"]
[SourceDate "2007.05.09"]
[SourceVersion "1"]
[SourceVersionDate "2007.05.09"]
[SourceQuality "1"]

1. e4 c5 2. Nc3 e6 3. Bc4 a6 4. a4 d6 5. f4 Nd7 6. Nf3 Ngf6 7. d3 Be7 8. 0-0 b6 9. f5 exf5 10. exf5 0-0 11. Qe1 Re8 12. Qg3 Nh5 13. Qh3 Nhf6 14. Ng5 Ne5 15. Bd5 Rb8 16. Nce4 h6 17. Bf4 Nxd5 18. Bd2 Bxg5 19. Bxg5 hxg5 20. c4 Nf4 0-1

[Event "SLO-ch U10"]
[Site "Murska Sobota"]
[Date "2006.03.01"]
[Round "6"]
[White "Markoja, Boris"]
[Black "Gnidovec, Tilen"]
[Result "1/2-1/2"]
[WhiteElo "1500"]
[BlackElo "1500"]
[PlyCount "73"]
[EventDate "2006.02.26"]
[EventType "swiss"]
[EventRounds "9"]
[EventCountry "SLO"]
[SourceTitle "EXT 2009"]
[Source "ChessBase"]
[SourceDate "2008.11.26"]
[SourceVersion "1"]
[SourceVersionDate "2008.11.26"]
[SourceQuality "1"]

1. e4 c5 2. Nf3 e6 3. d4 cxd4 4. Nxd4 a6 5. Nc3 b5 6. Be3 Bb7 7. a3 Nf6 8. e5 Nd5 9. Nxd5 Bxd5 10. Bd3 Bxg2 11. Rg1 Bb7 12. Qd2 Nc6 13. Nxc6 Bxc6 14. 0-0-0 g6 15. Bh6 Qe7 16. Qe3 Bxh6 17. Qxh6 Qf8 18. Qxf8+ Rxf8 19. c4 Rc8 20. Kb1 bxc4 21. Bxc4 Be4+ 22. Bd3 Bxd3+ 23. Rxd3 f5 24. f4 Ke7 25. Rgd1 Rfd8 26. Rc3 Rxc3 27. bxc3 Rb8+ 28. Kc2 Rc8 29. Rd6 Rc6 30. Rxc6 dxc6 31. Kd3 Kd7 32. Kc4 Kc7 33. h4 Kb6 34. Kb4 a5+ 35. Ka4 c5 36. c4 h6 37. Kb3 1/2-1/2